000 00625nam a2200241Ia 4500
003 OSt
005 20221005120713.0
006 a|||||r|||| 00| 0
007 ta
008 221004b |||||||| |||| 00| 0 eng d
024 _a48904
037 _cTextual
040 _aCRL
_cCRL
_beng
041 _2eng
_aeng
082 _aP15:10A28:3x1:1:9, J3-;3
100 _aVarma Siddheshwar
245 0 _aEtymologies of Yaska
260 _c1953
650 _aLINGUISTICS
700 _a Bhim Dev
942 _hP15:10A28:3x1:1:9, J3-;3
_cTEXL
_2cc
999 _c1038877
_d1038877